| 000 | 00497nam a22001817a 4500 | ||
|---|---|---|---|
| 003 | OSt | ||
| 005 | 20120302150118.0 | ||
| 008 | 090615t xxu||||| |||| 00| 0 eng d | ||
| 020 | _a81-7161-163-X | ||
| 035 | _a५१४४ | ||
| 040 | _cमराठी | ||
| 100 |
_aसप्रे, मधुवंती _96352 |
||
| 245 | _aसमाज- ऋण | ||
| 250 | _a१ ली | ||
| 260 |
_aपुणे _bमेहता _c१९९२ |
||
| 300 | _b८४ पाने | ||
| 942 |
_2ddc _cBOOK |
||
| 999 |
_c491382 _d491379 |
||